000 00608nam a2200169 i 4500
001 151289
003 ES-MaACL
005 20230906203933.0
008 050714s1895 au a | |||||||| ||ger d
040 _aCAM
_bspa
_cCAM
245 0 3 _aDie Wiener Genesis /
_cherausgegeben von Wilhelm Ritter von Hartel und Franz Wickhoff.
260 _aWien [etc.] :
_bF. Tempsky [etc.],
_c1895 (
_eWien :
_fAdolf Holzhausen)
300 _a171 p., [6], LII h. de lám. :
_bil. ;
_c42 cm.
700 1 _aRitter von Hartel, Wilhelm.
_9131836
700 1 _aWickhoff, Franz.
_9116740
852 _aES-MaACL
_jB-7757
_z-- Enc. hol.
999 _c151289
_d151289